000 01025nam a22002777i 4500
003 DO-SdBNP
005 20230920151227.0
007 ta
008 110301s2011 dr 000 p spa d
020 _a9789945420937
040 _aDO-SdBNP
_bspa
_cBNPHU
_erda
082 4 _aRD861.44
_bR457i
_222
100 1 _aReyes, Ramón Emilio
_953018
_dautor
245 1 0 _aInvitación profunda :
_b(obra poética) /
_cRamón Emilio Reyes ; presentación Lupo Hernández Rueda
264 _aSanto Domingo :
_bAcademia Dominicana de la Lengua,
_c2011.
300 _a128 páginas ;
_c20 cm.
490 0 _aLetras de la Academia
_v2
500 _aIncluye datos biográficos del autor en la solapa de la portada.
500 _aColección dirigida por Bruno Rosario Candelier.
590 _aInventariado, 2022/ YL
650 4 _aPoesía dominicana
650 4 _aLiteratura dominicana
700 2 _aHernández Rueda, Lupo,
_d1930-2017
_epresentación
_923790
910 _aYLockward/Validado. Control de calidad MFF
942 _2ddc
_cLBS1
999 _c51924
_d51924